000 00540nam a2200193Ia 4500
005 20250508150435.0
008 008 250505s9999 xx 000 0 eng d
037 _aTextual
040 _aFEDL
_beng
_cFEDL
041 _aeng
_2eng
084 _a155.4, ISA
_qFEDL
100 _aIsaacs Susan et. al
_9756702
245 0 _aOn the bringing up of children
260 _aAllahabad, India
_bKitabistan
_c1943
300 _axviii,292p.
650 _aChild Psychology
942 _cTEXL
_h155.4, ISA
999 _c1323665
_d1323665